[Event "OP-2020-0-05003"]
[Site "LSS email"]
[Date "2020.07.31"]
[Round "?"]
[White "Fry, Audrey"]
[Black "Lauffer, Andreas"]
[Result "1-0"]
[WhiteElo "1200"]
[BlackElo "800"]
[PlyCount "33"]
[EventDate "2020.07.28"]
[EventType "tourn (corr)"]
[EventRounds "4"]
[EventCountry "GER"]
[SourceTitle "Corr 2022"]
[Source "ChessBase"]
[SourceDate "2021.10.24"]
[SourceVersion "1"]
[SourceVersionDate "2021.10.24"]
[SourceQuality "1"]

1. d4 d5 2. c4 dxc4 3. Nf3 b6 4. e3 c5 5. Bxc4 Nc6 6. d5 b5 7. Bxb5 Qa5+ 8. Nc3 Bd7 9. dxc6 0-0-0 10. cxd7+ Kc7 11. Bd2 Kb8 12. Ne5 a6 13. Nc6+ Kc7 14. Nd5+ Kxd7 15. Bxa5 e6 16. Nde7+ Ke8 17. Qxd8# 1-0

[Event "IECG CN.2001.0.00249"]
[Site "IECG email"]
[Date "2001.05.29"]
[Round "?"]
[White "Soule, Larry P"]
[Black "Lauffer, Andreas"]
[Result "1-0"]
[WhiteElo "806"]
[BlackElo "814"]
[PlyCount "53"]
[EventDate "2001.05.29"]
[EventType "tourn (corr)"]
[EventRounds "6"]
[SourceTitle "Corr 2008"]
[Source "ChessBase"]
[SourceDate "2008.06.24"]
[SourceVersion "1"]
[SourceVersionDate "2008.06.24"]
[SourceQuality "1"]

1. d4 d5 2. c4 dxc4 3. e3 b5 4. Nf3 Bb7 5. a4 a6 6. b3 cxb3 7. axb5 axb5 8. Bxb5+ c6 9. Rxa8 Bxa8 10. Bc4 Qb6 11. Bb2 e6 12. 0-0 Nf6 13. Nbd2 Bd6 14. Qa1 Bb7 15. d5 cxd5 16. Bxf6 gxf6 17. Qxf6 Rg8 18. Bxb3 Nd7 19. Ba4 Bc6 20. Bxc6 Qxc6 21. Qh4 Qc2 22. e4 Rg7 23. exd5 exd5 24. Re1+ Ne5 25. Nxe5 f5 26. Qf6 Re7 27. Qh8# 1-0

[Event "IECG Q3.2000.0.00092"]
[Site "IECG email"]
[Date "2000.11.10"]
[Round "?"]
[White "Lauffer, Andreas"]
[Black "Zimmermann, Jan Erik"]
[Result "0-1"]
[WhiteElo "1300"]
[BlackElo "1000"]
[PlyCount "84"]
[EventDate "2000.11.10"]
[EventType "tourn (corr)"]
[EventRounds "6"]
[SourceTitle "Corr 2008"]
[Source "ChessBase"]
[SourceDate "2008.06.24"]
[SourceVersion "1"]
[SourceVersionDate "2008.06.24"]
[SourceQuality "1"]

1. c4 Nf6 2. Nc3 e6 3. e4 Bb4 4. e5 Bxc3 5. dxc3 Ne4 6. Qd4 d5 7. exd6 Nxd6 8. g4 0-0 9. c5 Nc6 10. Qa4 Ne8 11. Bg2 Bd7 12. b4 Ne5 13. b5 Nd3+ 14. Kf1 Qf6 15. Qd4 Bxb5 16. Ne2 Rd8 17. g5 Qe7 18. Qh4 Nxc5 19. Be3 b6 20. Qb4 Bxe2+ 21. Kxe2 f6 22. f4 fxg5 23. fxg5 Qf7 24. Raf1 Qg6 25. Rxf8+ Kxf8 26. Rd1 Qh5+ 27. Bf3 Qxh2+ 28. Bf2 Rxd1 29. Kxd1 Qxf2 30. Qf4+ Kg8 31. Qg4 Qf1+ 32. Kc2 Qd3+ 33. Kb2 Qd6 34. Be4 Nxe4 35. Qxe4 Qd5 36. Qf4 a5 37. c4 Qf5 38. Qc1 Nd6 39. c5 Qxc5 40. Qe1 Qb4+ 41. Qxb4 axb4 42. Kb3 c5 0-1

[Event "IECG CN.2000.0.00188"]
[Site "IECG email"]
[Date "2000.04.09"]
[Round "?"]
[White "Mills, Mark"]
[Black "Lauffer, Andreas"]
[Result "1-0"]
[WhiteElo "868"]
[BlackElo "800"]
[PlyCount "47"]
[EventDate "2000.04.09"]
[EventType "tourn (corr)"]
[EventRounds "6"]
[SourceTitle "Corr 2008"]
[Source "ChessBase"]
[SourceDate "2008.06.24"]
[SourceVersion "1"]
[SourceVersionDate "2008.06.24"]
[SourceQuality "1"]

1. e4 e5 2. f4 d5 3. exd5 Qxd5 4. Nc3 Qa5 5. fxe5 Qxe5+ 6. Be2 Qg5 7. Nf3 Qxg2 8. Rg1 Qh3 9. d4 Bg4 10. Nd5 Bd6 11. Nf4 Bxf4 12. Bxf4 g5 13. Rg3 Qh5 14. Bxc7 Bxf3 15. Bxf3 Qxh2 16. Bxb7 Kd7 17. Qg4+ Kxc7 18. Qc8+ Kd6 19. Qc5+ Kd7 20. Bc8+ Kd8 21. Qf8+ Kc7 22. Rc3+ Nc6 23. Rxc6+ Kxc6 24. Qc5# 1-0